00381nam a2200145Ia 4500008004100000084001600041100001800057245003500075250002000110260003100130260000900161260001800170300001200188500003500200180424s9999 xx 000 0 und d a813.034H T1 a"Twain, Mark" 0aAdventures of Huckleberry Finn a\\195400ENGGPCX aRegents Publishing Company b1954 cBraunsch Weig aiv+123p aincludes index and biblioraphy